E-shopping a jeho formy
Uložené v:
| Hlavný autor: | |
|---|---|
| Ďalší autori: | |
| Médium: | Rukopis Kniha |
| Jazyk: | Slovak |
| Vydavateľské údaje: |
2016
|
| Predmet: | |
| On-line prístup: | http://is.stuba.sk/zp/portal_zp.pl?podrobnosti=135470 |
| Tagy: |
Žiadne tagy, Buďte prvý, kto otaguje tento záznam!
|
MARC
| LEADER | 00000ntm a22000003a 4500 | ||
|---|---|---|---|
| 001 | stuzp53028 | ||
| 003 | SK-STU | ||
| 005 | 20160719154344.6 | ||
| 007 | ta | ||
| 008 | 150427s2015----xo-----f-mn---000-0-slo-d | ||
| 040 | |a STU |b slo | ||
| 041 | 0 | |a slo | |
| 100 | 1 | |a Setnická, Terézia |u 902024 |4 aut |U Ústav manažmentu STU |T ÚM - Oddelenie manažmentu chemických a potravinárskych technológií |X 61885 |U R2024 |Y 408 |7 61885 | |
| 242 | 0 | 1 | |a Electronic commerce and its forms |y eng |
| 245 | 1 | 0 | |a E-shopping a jeho formy |
| 260 | |c 2016 | ||
| 650 | 4 | |a elektronický obchod |2 slo | |
| 650 | 4 | |a e-bussines |2 slo | |
| 650 | 4 | |a e-commerce |2 slo | |
| 650 | 4 | |a B2B |2 slo | |
| 650 | 4 | |a B2C |2 slo | |
| 650 | 4 | |a e-shop |2 eng | |
| 650 | 4 | |a e-bussines |2 eng | |
| 650 | 4 | |a e-commerce |2 eng | |
| 650 | 4 | |a B2B |2 eng | |
| 650 | 4 | |a B2C |2 eng | |
| 700 | 1 | |a Špirko, Dušan |u 902024 |k Z8 |4 ths |U Ústav manažmentu STU |T ÚM - Oddelenie manažmentu chemických a potravinárskych technológií |X 1763 |U R2024 |Y 408 |7 A000001763 | |
| 856 | 4 | |u http://is.stuba.sk/zp/portal_zp.pl?podrobnosti=135470 | |
| SQL | |a stuzp53028 |b DBP |c SLO |d E-shopping a jeho formy |e 61885 |f Setnická, Terézia |g 902024 |h 1763 |i Špirko, Dušan |j 20160712 |k 1925 |l 04 |m http://is.stuba.sk/zp/portal_zp.pl?podrobnosti=135470 |n B-AIMCHP |o 5.2.14. automatizácia, 5.2.52. priemyselné inžinierstvo | ||